Organizational behavior : Concepts, controversies and applications

Bibliographic Details
Main Author: Robbins, Stephen P
Format: Book
Published: 1986
Subjects:

MARC

LEADER 00000cam a2200000 7i4500
001 0000010170
005 20050428.0
020 |a 0136415989 
040 |a INS 
090 0 0 |a HD58.7.   |b R62 1986 
100 1 |a Robbins, Stephen P 
245 1 0 |a Organizational behavior :   |b Concepts, controversies and applications   |c Stephen P. Robbins 
260 |a 1986 
650 0 0 |a Organization behaviour 
999 |a 0000001453   |b BOOK   |c Open Shelf   |e Default branch